[Event "DEM U16w 2017"]
[Site "Willingen GER"]
[Date "2017.06.06"]
[Round "5"]
[White "Schulze, Lara"]
[Black "Poetsch, Leonore"]
[Result "1-0"]
[Termination "normal"]
[Board "1"]
[WhiteTitle "WFM"]
[WhiteElo "2171"]
[BlackElo "1959"]
[WhiteClock "00:12:59"]
[BlackClock "00:33:39"]
[PlyCount "61"]
[WhiteFideId "12956830"]
[BlackFideId "12940372"]
[EventCountry "GER"]
[EventRounds "9"]
[EventType "swiss"]
[EventDate "2017.06.03"]

1. e4 {[%clk 1:30:57]} 1... e6 {[%clk 1:30:53]} 2. d4 {[%clk 1:31:23]} 2... d5
{[%clk 1:31:18]} 3. Nd2 {[%clk 1:31:48]} 3... Be7 {[%clk 1:31:34]} 4. Bd3 {
[%clk 1:32:08]} 4... dxe4 {[%clk 1:31:34]} 5. Nxe4 {[%clk 1:32:26]} 5... Nf6 {
[%clk 1:31:47]} 6. Nxf6+ {[%clk 1:32:46]} 6... Bxf6 {[%clk 1:32:13]} 7. Nf3 {
[%clk 1:33:06]} 7... Bd7 {[%clk 1:32:20]} 8. c3 {[%clk 1:31:01]} 8... Bc6 {
[%clk 1:31:32]} 9. O-O {[%clk 1:29:05]} 9... Nd7 {[%clk 1:30:56]} 10. Re1 {
[%clk 1:27:08]} 10... O-O {[%clk 1:30:59]} 11. Bf4 {[%clk 1:23:42]} 11... Re8 {
[%clk 1:28:52]} 12. Bc2 {[%clk 1:19:01]} 12... Nb6 {[%clk 1:27:45]} 13. Ne5 {
[%clk 1:14:37]} 13... Bxe5 {[%clk 1:25:58]} 14. Bxe5 {[%clk 1:13:11]} 14... Qg5
{[%clk 1:22:16]} 15. Bg3 {[%clk 1:04:30]} 15... Rad8 {[%clk 1:15:25]} 16. Re5 {
[%clk 0:59:23]} 16... Qe7 {[%clk 1:09:06]} 17. Qh5 {[%clk 0:53:35]} 17... g6 {
[%clk 1:07:10]} 18. Qh6 {[%clk 0:52:28]} 18... Qf8 {[%clk 1:03:40]} 19. Qh4 {
[%clk 0:45:03]} 19... Nc4 {[%clk 0:58:53]} 20. Rc5 {[%clk 0:41:01]} 20... Nd6 {
[%clk 0:57:26]} 21. Be5 {[%clk 0:39:55]} 21... f5 {[%clk 0:54:08]} 22. f3 {
[%clk 0:31:38]} 22... Rd7 {[%clk 0:51:53]} 23. Bb3 {[%clk 0:26:58]} 23... Qf7 {
[%clk 0:42:26]} 24. Re1 {[%clk 0:22:23]} 24... Nc8 {[%clk 0:40:34]} 25. Bf4 {
[%clk 0:18:59]} 25... a6 {[%clk 0:37:20]} 26. Rce5 {[%clk 0:17:41]} 26... Rd6 {
[%clk 0:37:16]} 27. R5e3 {[%clk 0:16:23]} 27... Bd7 {[%clk 0:36:58]} 28. Bxd6 {
[%clk 0:16:03]} 28... cxd6 {[%clk 0:37:24]} 29. R1e2 {[%clk 0:12:50]} 29... b5
{[%clk 0:36:04]} 30. Qe1 {[%clk 0:12:42]} 30... d5 {[%clk 0:33:39]} 31. Bxd5 {
[%clk 0:12:59]} 1-0

[Event "DEM U16w 2017"]
[Site "Willingen GER"]
[Date "2017.06.06"]
[Round "5"]
[White "Köhler, Inken"]
[Black "Kobald, Jacqueline"]
[Result "0-1"]
[Termination "normal"]
[Board "2"]
[WhiteElo "1870"]
[BlackElo "1693"]
[WhiteClock "00:16:39"]
[BlackClock "00:13:56"]
[PlyCount "48"]
[WhiteFideId "12929301"]
[BlackFideId "12988162"]
[EventCountry "GER"]
[EventRounds "9"]
[EventType "swiss"]
[EventDate "2017.06.03"]

1. e4 {[%clk 1:30:58]} 1... c5 {[%clk 1:30:57]} 2. Nf3 {[%clk 1:31:22]} 2... e6
{[%clk 1:31:21]} 3. c3 {[%clk 1:31:35]} 3... Nf6 {[%clk 1:30:21]} 4. e5 { [%clk
1:31:48]} 4... Nd5 {[%clk 1:30:37]} 5. d4 {[%clk 1:32:07]} 5... cxd4 { [%clk
1:31:02]} 6. cxd4 {[%clk 1:32:22]} 6... b6 {[%clk 1:31:21]} 7. a3 { [%clk
1:31:38]} 7... Be7 {[%clk 1:28:27]} 8. Bd3 {[%clk 1:30:17]} 8... Ba6 { [%clk
1:28:00]} 9. Be4 {[%clk 1:28:14]} 9... Nc6 {[%clk 1:09:51]} 10. Bxd5 { [%clk
1:17:37]} 10... exd5 {[%clk 1:09:55]} 11. Nc3 {[%clk 1:17:52]} 11... O-O {[%clk
1:01:43]} 12. Nxd5 {[%clk 1:16:08]} 12... d6 {[%clk 0:55:25]} 13. Qa4 { [%clk
1:00:23]} 13... Bb7 {[%clk 0:42:01]} 14. Nc3 {[%clk 0:57:58]} 14... dxe5 {[%clk
0:38:25]} 15. dxe5 {[%clk 0:58:19]} 15... Qd3 {[%clk 0:31:59]} 16. Bf4 { [%clk
0:56:03]} 16... Rad8 {[%clk 0:29:02]} 17. Rd1 {[%clk 0:54:31]} 17... Qg6 {[%clk
0:28:37]} 18. Rxd8 {[%clk 0:38:36]} 18... Rxd8 {[%clk 0:29:02]} 19. O-O {[%clk
0:32:35]} 19... Nd4 {[%clk 0:20:08]} 20. Bg3 {[%clk 0:29:45]} 20... Nxf3+
{[%clk 0:20:26]} 21. gxf3 {[%clk 0:30:07]} 21... Bxf3 {[%clk 0:19:50]} 22. Qf4
{[%clk 0:18:50]} 22... Qd3 {[%clk 0:18:48]} 23. h4 {[%clk 0:17:26]} 23... h5
{[%clk 0:15:20]} 24. Kh2 {[%clk 0:16:39]} 24... Qxf1 {[%clk 0:13:56]} 0-1

[Event "DEM U16w 2017"]
[Site "Willingen GER"]
[Date "2017.06.06"]
[Round "5"]
[White "Reinecke, Katharina"]
[Black "Browning, Rebecca"]
[Result "0-1"]
[Termination "normal"]
[Board "3"]
[WhiteElo "1911"]
[BlackElo "1777"]
[WhiteClock "00:11:53"]
[BlackClock "00:45:43"]
[PlyCount "94"]
[WhiteFideId "12929727"]
[BlackFideId "12984027"]
[EventCountry "GER"]
[EventRounds "9"]
[EventType "swiss"]
[EventDate "2017.06.03"]

1. d4 {[%clk 1:30:59]} 1... Nf6 {[%clk 1:30:43]} 2. c4 {[%clk 1:31:24]} 2... c5
{[%clk 1:30:57]} 3. d5 {[%clk 1:31:25]} 3... b5 {[%clk 1:31:10]} 4. cxb5 {
[%clk 1:31:16]} 4... a6 {[%clk 1:31:28]} 5. bxa6 {[%clk 1:31:37]} 5... Bxa6 6.
Nc3 {[%clk 1:31:27]} 6... d6 {[%clk 1:31:56]} 7. e4 {[%clk 1:31:01]} 7... Bxf1
{[%clk 1:32:00]} 8. Kxf1 {[%clk 1:31:29]} 8... g6 {[%clk 1:31:52]} 9. Nf3 {
[%clk 1:31:44]} 9... Bg7 {[%clk 1:32:12]} 10. g3 {[%clk 1:32:03]} 10... O-O {
[%clk 1:32:20]} 11. Kg2 {[%clk 1:32:23]} 11... Nbd7 {[%clk 1:32:33]} 12. a4 {
[%clk 1:31:15]} 12... Ra6 {[%clk 1:31:54]} 13. Ra3 {[%clk 1:28:33]} 13... Qa8 {
[%clk 1:31:38]} 14. Qc2 {[%clk 1:26:26]} 14... Rb8 {[%clk 1:30:31]} 15. Re1 {
[%clk 1:21:32]} 15... Ne8 {[%clk 1:30:02]} 16. b3 {[%clk 1:15:27]} 16... Nc7 {
[%clk 1:28:03]} 17. Bb2 {[%clk 1:10:53]} 17... Rab6 {[%clk 1:18:42]} 18. Nd2 {
[%clk 1:04:02]} 18... f5 {[%clk 1:14:26]} 19. exf5 {[%clk 0:53:33]} 19... Nxd5
{[%clk 1:12:33]} 20. f3 {[%clk 0:42:26]} 20... Nb4 {[%clk 1:00:27]} 21. Qb1 {
[%clk 0:35:57]} 21... Ne5 {[%clk 0:54:21]} 22. fxg6 {[%clk 0:35:35]} 22... hxg6
{[%clk 0:53:52]} 23. Ba1 23... Rf8 {[%clk 0:51:55]} 24. Nce4 {[%clk 0:23:49]}
24... Nbd3 {[%clk 0:47:00]} 25. Re3 {[%clk 0:23:01]} 25... c4 {[%clk 0:44:19]}
26. Bd4 {[%clk 0:21:13]} 26... Rbb8 {[%clk 0:42:32]} 27. Qa1 {[%clk 0:18:20]}
27... Bh6 {[%clk 0:40:50]} 28. f4 {[%clk 0:13:12]} 28... Ng4 {[%clk 0:39:27]}
29. Rf3 {[%clk 0:12:09]} 29... e5 {[%clk 0:39:15]} 30. bxc4 {[%clk 0:09:09]}
30... Nb4 {[%clk 0:36:49]} 31. Bc3 {[%clk 0:04:34]} 31... Nc2 {[%clk 0:36:19]}
32. Qc1 {[%clk 0:04:21]} 32... Nxa3 {[%clk 0:36:11]} 33. Qxa3 {[%clk 0:04:50]}
33... Rbd8 {[%clk 0:33:31]} 34. c5 {[%clk 0:02:06]} 34... d5 {[%clk 0:32:20]}
35. Nd6 {[%clk 0:01:53]} 35... e4 {[%clk 0:31:13]} 36. N2xe4 {[%clk 0:00:49]}
36... dxe4 {[%clk 0:31:31]} 37. Qa2+ {[%clk 0:01:08]} 37... Kh7 {[%clk 0:31:38]
} 38. Qe6 {[%clk 0:00:38]} 38... exf3+ {[%clk 0:31:56]} 39. Kh3 {[%clk 0:00:33]
} 39... Nf2+ {[%clk 0:32:17]} 40. Kh4 {[%clk 0:01:00]} 40... Qa7 { [%clk
0:30:55]} 41. c6 {[%clk 0:00:37]} 41... Bg7 {[%clk 0:27:44]} 42. f5 { [%clk
0:25:00]} 42... Rxf5 {[%clk 0:46:27]} 43. Nxf5 {[%clk 0:21:41]} 43... Qxa4+
{[%clk 0:46:21]} 44. Nd4 {[%clk 0:15:52]} 44... Rxd4+ {[%clk 0:46:15]} 45. Bxd4
{[%clk 0:15:03]} 45... Qxd4+ {[%clk 0:46:12]} 46. g4 {[%clk 0:12:28]} 46...
Bf6+ {[%clk 0:45:52]} 47. Kg3 {[%clk 0:11:53]} 47... Ne4+ {[%clk 0:45:43] } 0-1

[Event "DEM U16w 2017"]
[Site "Willingen GER"]
[Date "2017.06.06"]
[Round "5"]
[White "Könze, Heike"]
[Black "Walow, Xenia"]
[Result "0-1"]
[Termination "normal"]
[Board "4"]
[WhiteElo "1769"]
[BlackElo "1704"]
[WhiteClock "00:19:55"]
[BlackClock "00:58:23"]
[PlyCount "58"]
[WhiteFideId "12964476"]
[BlackFideId "12971839"]
[EventCountry "GER"]
[EventRounds "9"]
[EventType "swiss"]
[EventDate "2017.06.03"]

1. e4 {[%clk 1:30:57]} 1... c5 {[%clk 1:30:55]} 2. Nf3 {[%clk 1:31:20]} 2... d6
{[%clk 1:31:20]} 3. d4 {[%clk 1:31:44]} 3... cxd4 {[%clk 1:31:45]} 4. Nxd4 {
[%clk 1:32:08]} 4... Nf6 {[%clk 1:32:08]} 5. Nc3 {[%clk 1:32:34]} 5... a6 {
[%clk 1:32:04]} 6. Be3 {[%clk 1:32:38]} 6... Qc7 {[%clk 1:31:11]} 7. f3 { [%clk
1:31:13]} 7... e6 {[%clk 1:30:32]} 8. Qd2 {[%clk 1:30:11]} 8... b5 { [%clk
1:30:08]} 9. g4 {[%clk 1:23:55]} 9... Bb7 {[%clk 1:28:50]} 10. O-O-O { [%clk
1:23:05]} 10... Nc6 {[%clk 1:28:23]} 11. g5 {[%clk 1:16:42]} 11... Nd7 { [%clk
1:27:23]} 12. Bh3 {[%clk 1:15:36]} 12... Nde5 {[%clk 1:25:19]} 13. Qe2 { [%clk
1:11:02]} 13... Rc8 {[%clk 1:20:37]} 14. Nd5 {[%clk 0:55:08]} 14... exd5 {[%clk
1:13:14]} 15. Bxc8 {[%clk 0:52:04]} 15... Qxc8 {[%clk 1:12:17]} 16. Nxc6 {[%clk
0:50:16]} 16... Bxc6 {[%clk 1:09:19]} 17. exd5 {[%clk 0:50:35]} 17... Bb7
{[%clk 1:08:47]} 18. Bd4 {[%clk 0:49:04]} 18... Qf5 {[%clk 1:07:57]} 19. Bxe5
{[%clk 0:40:03]} 19... dxe5 {[%clk 1:07:06]} 20. Qe3 {[%clk 0:39:45]} 20... Bd6
{[%clk 1:05:57]} 21. h4 {[%clk 0:36:47]} 21... O-O {[%clk 1:05:08]} 22. Qe4
{[%clk 0:37:05]} 22... Bc8 {[%clk 1:03:35]} 23. Rdg1 {[%clk 0:34:23]} 23... Bd7
{[%clk 1:01:56]} 24. a3 {[%clk 0:25:58]} 24... Rc8 {[%clk 1:01:17]} 25. Qxf5
{[%clk 0:25:30]} 25... Bxf5 {[%clk 1:01:40]} 26. c3 {[%clk 0:25:50]} 26... Bd3
{[%clk 0:59:53]} 27. Rg2 {[%clk 0:24:06]} 27... e4 {[%clk 0:58:19]} 28. Rd2
{[%clk 0:19:36]} 28... Bf4 {[%clk 0:58:30]} 29. Rhd1 {[%clk 0:19:55]} 29... Rd8
{[%clk 0:58:23]} 0-1

[Event "DEM U16w 2017"]
[Site "Willingen GER"]
[Date "2017.06.06"]
[Round "5"]
[White "Kolb, Verena"]
[Black "Cejda, Cecilia"]
[Result "1-0"]
[Termination "normal"]
[Board "6"]
[WhiteElo "1673"]
[BlackElo "1755"]
[WhiteClock "00:01:29"]
[BlackClock "00:01:29"]
[PlyCount "65"]
[WhiteFideId "12992313"]
[BlackFideId "12921122"]
[EventCountry "GER"]
[EventRounds "9"]
[EventType "swiss"]
[EventDate "2017.06.03"]

1. e4 {[%clk 1:30:59]} 1... c5 {[%clk 1:30:53]} 2. Nc3 {[%clk 1:31:20]} 2...
Nc6 {[%clk 1:31:03]} 3. g3 {[%clk 1:31:41]} 3... g6 {[%clk 1:31:12]} 4. Bg2 {
[%clk 1:32:07]} 4... Bg7 {[%clk 1:31:22]} 5. d3 {[%clk 1:32:31]} 5... d6 {
[%clk 1:31:29]} 6. Nge2 {[%clk 1:32:30]} 6... e5 {[%clk 1:25:31]} 7. Be3 {
[%clk 1:32:18]} 7... Nge7 {[%clk 1:24:26]} 8. Qd2 {[%clk 1:31:59]} 8... Rb8 {
[%clk 1:10:31]} 9. Bh6 {[%clk 1:31:15]} 9... O-O {[%clk 1:09:41]} 10. Bxg7 {
[%clk 1:31:41]} 10... Kxg7 {[%clk 1:10:02]} 11. O-O {[%clk 1:32:06]} 11... f5 {
[%clk 1:06:59]} 12. f4 {[%clk 1:30:32]} 12... Bd7 {[%clk 1:01:00]} 13. Rf2 {
[%clk 1:29:25]} 13... b5 {[%clk 0:59:47]} 14. Raf1 {[%clk 1:26:14]} 14... Qa5 {
[%clk 0:54:11]} 15. exf5 {[%clk 1:14:43]} 15... Bxf5 {[%clk 0:46:53]} 16. fxe5
{[%clk 1:13:11]} 16... Nxe5 {[%clk 0:45:28]} 17. Qg5 {[%clk 1:10:26]} 17... Qc7
{[%clk 0:41:04]} 18. Be4 {[%clk 0:58:22]} 18... Qd7 {[%clk 0:24:06]} 19. Nf4 {
[%clk 0:42:09]} 19... h6 {[%clk 0:18:27]} 20. Nh5+ {[%clk 0:32:15]} 20... Kg8 {
[%clk 0:10:49]} 21. Nf6+ {[%clk 0:23:31]} 21... Rxf6 {[%clk 0:10:19]} 22. Qxf6
{[%clk 0:23:56]} 22... Ng4 {[%clk 0:10:02]} 23. Bxf5 {[%clk 0:11:21]} 23...
gxf5 {[%clk 0:07:59]} 24. Nd5 {[%clk 0:04:08]} 24... Nxd5 {[%clk 0:05:50]} 25.
Qg6+ {[%clk 0:04:35]} 25... Qg7 {[%clk 0:03:37]} 26. Qxd6 {[%clk 0:04:59]}
26... Qe5 {[%clk 0:02:47]} 27. Qg6+ {[%clk 0:04:06]} 27... Qg7 {[%clk 0:02:01]}
28. Qxf5 {[%clk 0:04:22]} 28... Nde3 {[%clk 0:01:23]} 29. Qe6+ {[%clk 0:02:22]}
29... Kh8 {[%clk 0:01:46]} 30. Rf7 {[%clk 0:02:33]} 30... Qg8 {[%clk 0:01:35]}
31. R1f6 {[%clk 0:01:53]} 31... Rb6 {[%clk 0:01:17]} 32. Rxh6+ {[%clk 0:01:09]}
32... Nxh6 {[%clk 0:01:29]} 33. Qe5+ {[%clk 0:01:29]} 1-0

[Event "DEM U16w 2017"]
[Site "Willingen GER"]
[Date "2017.06.06"]
[Round "5"]
[White "Ratay, Meike"]
[Black "Mütsch, Annmarie"]
[Result "1/2-1/2"]
[Termination "normal"]
[Board "7"]
[WhiteElo "1767"]
[BlackElo "2124"]
[WhiteClock "00:15:15"]
[BlackClock "00:00:37"]
[PlyCount "105"]
[WhiteFideId "12977608"]
[BlackFideId "12971367"]
[EventCountry "GER"]
[EventRounds "9"]
[EventType "swiss"]
[EventDate "2017.06.03"]

1. e4 {[%clk 1:30:58]} 1... c5 {[%clk 1:30:57]} 2. Nf3 {[%clk 1:31:23]} 2...
Nc6 {[%clk 1:31:23]} 3. d4 {[%clk 1:31:47]} 3... cxd4 {[%clk 1:31:47]} 4. Nxd4
{[%clk 1:32:12]} 4... Nf6 {[%clk 1:32:06]} 5. Nc3 {[%clk 1:32:24]} 5... e5 {
[%clk 1:32:25]} 6. Ndb5 {[%clk 1:32:28]} 6... d6 {[%clk 1:32:43]} 7. Bg5 {
[%clk 1:32:43]} 7... a6 {[%clk 1:33:01]} 8. Na3 {[%clk 1:33:02]} 8... b5 {
[%clk 1:33:21]} 9. Nd5 {[%clk 1:33:12]} 9... Be7 {[%clk 1:33:31]} 10. Bxf6 {
[%clk 1:33:24]} 10... Bxf6 {[%clk 1:33:55]} 11. c4 {[%clk 1:33:31]} 11... b4 {
[%clk 1:20:33]} 12. Nc2 {[%clk 1:33:40]} 12... a5 {[%clk 1:20:48]} 13. Be2 {
[%clk 1:33:01]} 13... O-O {[%clk 1:20:33]} 14. O-O {[%clk 1:31:27]} 14... Bg5 {
[%clk 1:17:27]} 15. Qd3 {[%clk 1:27:27]} 15... Rb8 {[%clk 1:08:17]} 16. b3 {
[%clk 1:23:53]} 16... f5 {[%clk 1:02:16]} 17. f3 {[%clk 1:15:48]} 17... Be6 {
[%clk 0:55:07]} 18. Rfd1 {[%clk 1:09:47]} 18... f4 {[%clk 0:46:42]} 19. a3 {
[%clk 1:06:52]} 19... bxa3 {[%clk 0:43:46]} 20. Rxa3 {[%clk 1:06:58]} 20... Rf7
{[%clk 0:42:37]} 21. Qc3 {[%clk 0:54:17]} 21... Nb4 {[%clk 0:36:23]} 22. Kh1 {
[%clk 0:39:16]} 22... Bxd5 {[%clk 0:31:36]} 23. exd5 {[%clk 0:35:49]} 23... Qb6
{[%clk 0:20:09]} 24. Bd3 {[%clk 0:32:49]} 24... Bd8 {[%clk 0:17:08]} 25. Qd2 {
[%clk 0:30:22]} 25... Na6 {[%clk 0:13:51]} 26. Rda1 {[%clk 0:24:05]} 26... Qc5
{[%clk 0:09:30]} 27. Be4 {[%clk 0:20:11]} 27... Rf6 {[%clk 0:04:57]} 28. Ne1 {
[%clk 0:17:59]} 28... Nb4 {[%clk 0:04:50]} 29. Qc3 {[%clk 0:16:12]} 29... Rh6 {
[%clk 0:03:44]} 30. Nd3 {[%clk 0:15:28]} 30... Nxd3 {[%clk 0:03:22]} 31. Qxd3 {
[%clk 0:15:01]} 31... Qf2 {[%clk 0:02:32]} 32. Bf5 {[%clk 0:14:10]} 32... Bb6 {
[%clk 0:01:19]} 33. h3 {[%clk 0:12:48]} 33... Rf8 {[%clk 0:00:47]} 34. Be6+ {
[%clk 0:12:37]} 34... Kh8 {[%clk 0:01:04]} 35. Ra4 {[%clk 0:11:42]} 35... Rg6 {
[%clk 0:00:54]} 36. Qf1 {[%clk 0:10:14]} 36... Qc5 {[%clk 0:00:33]} 37. Rb1 {
[%clk 0:09:40]} 37... Bd8 {[%clk 0:00:35]} 38. b4 {[%clk 0:09:16]} 38... axb4 {
[%clk 0:00:58]} 39. Raxb4 {[%clk 0:09:34]} 39... Rg3 {[%clk 0:00:39]} 40. Rb8 {
[%clk 0:08:47]} 40... h5 {[%clk 0:00:34]} 41. Rc8 {[%clk 0:07:52]} 41... Qa7 {
[%clk 0:26:24]} 42. Rbb8 {[%clk 0:35:53]} 42... Qe7 {[%clk 0:26:27]} 43. Qa1 {
[%clk 0:33:19]} 43... Qg5 {[%clk 0:17:05]} 44. Qf1 {[%clk 0:25:06]} 44... Qf6 {
[%clk 0:12:23]} 45. Qe2 {[%clk 0:22:56]} 45... e4 {[%clk 0:07:56]} 46. Qxe4 {
[%clk 0:21:26]} 46... Qa1+ {[%clk 0:06:02]} 47. Qb1 {[%clk 0:20:57]} 47... Qf6
{[%clk 0:06:19]} 48. Qb2 {[%clk 0:20:11]} 48... Qg5 {[%clk 0:05:58]} 49. c5 {
[%clk 0:18:20]} 49... dxc5 {[%clk 0:05:56]} 50. Rxc5 {[%clk 0:18:34]} 50... Kh7
{[%clk 0:01:05]} 51. Qc2+ {[%clk 0:17:14]} 51... g6 {[%clk 0:01:13]} 52. d6 {
[%clk 0:15:15]} 52... Rxg2 {[%clk 0:00:37]} 53. Rxg5 1/2-1/2

[Event "DEM U16w 2017"]
[Site "Willingen GER"]
[Date "2017.06.06"]
[Round "5"]
[White "Weimert, Miriam"]
[Black "Nguyen, Ha Thanh"]
[Result "1/2-1/2"]
[Termination "normal"]
[Board "8"]
[WhiteElo "1841"]
[BlackElo "1775"]
[WhiteClock "00:02:45"]
[BlackClock "00:09:18"]
[PlyCount "56"]
[WhiteFideId "12966703"]
[BlackFideId "12942154"]
[EventCountry "GER"]
[EventRounds "9"]
[EventType "swiss"]
[EventDate "2017.06.03"]

1. e4 {[%clk 1:30:58]} 1... c5 {[%clk 1:30:56]} 2. Nc3 {[%clk 1:31:20]} 2...
Nc6 {[%clk 1:31:20]} 3. f4 {[%clk 1:31:30]} 3... g6 {[%clk 1:31:40]} 4. Nf3 {
[%clk 1:31:36]} 4... Bg7 {[%clk 1:32:03]} 5. Bc4 {[%clk 1:31:35]} 5... e6 {
[%clk 1:32:10]} 6. O-O {[%clk 1:31:16]} 6... Nge7 {[%clk 1:32:17]} 7. d3 {
[%clk 1:30:37]} 7... O-O {[%clk 1:32:34]} 8. Qe1 {[%clk 1:29:37]} 8... d5 {
[%clk 1:31:57]} 9. Bb3 {[%clk 1:26:18]} 9... Nd4 {[%clk 1:32:11]} 10. Nxd4 {
[%clk 1:24:06]} 10... cxd4 {[%clk 1:32:35]} 11. Nd1 {[%clk 1:22:21]} 11... dxe4
{[%clk 1:31:47]} 12. dxe4 {[%clk 1:21:59]} 12... b6 {[%clk 1:30:14]} 13. Nf2 {
[%clk 1:12:48]} 13... Bb7 {[%clk 1:24:23]} 14. Nd3 {[%clk 1:05:06]} 14... Nc6 {
[%clk 1:11:13]} 15. Bd2 {[%clk 0:53:05]} 15... a5 {[%clk 1:05:26]} 16. a4 {
[%clk 0:44:19]} 16... Kh8 {[%clk 0:58:36]} 17. Qg3 {[%clk 0:33:38]} 17... Ne7 {
[%clk 0:44:36]} 18. Rae1 {[%clk 0:31:31]} 18... Ba6 {[%clk 0:39:28]} 19. Rf2 {
[%clk 0:21:07]} 19... Ra7 {[%clk 0:32:14]} 20. Qh3 {[%clk 0:15:02]} 20... Qc7 {
[%clk 0:26:51]} 21. Rf3 {[%clk 0:10:50]} 21... Bc4 {[%clk 0:21:35]} 22. Bxc4 {
[%clk 0:09:27]} 22... Qxc4 {[%clk 0:21:54]} 23. Rc1 {[%clk 0:06:43]} 23... Qxa4
{[%clk 0:21:30]} 24. Ne5 {[%clk 0:06:39]} 24... Qe8 {[%clk 0:19:11]} 25. c3 {
[%clk 0:04:40]} 25... dxc3 {[%clk 0:16:36]} 26. Rfxc3 {[%clk 0:04:08]} 26...
Kg8 {[%clk 0:12:30]} 27. Be3 {[%clk 0:03:17]} 27... Rb7 {[%clk 0:12:10]} 28.
Rc7 {[%clk 0:02:45]} 28... Rxc7 {[%clk 0:09:18]} 1/2-1/2

[Event "DEM U16w 2017"]
[Site "Willingen GER"]
[Date "2017.06.06"]
[Round "5"]
[White "Flach, Helene"]
[Black "Mönster, Madita"]
[Result "1-0"]
[Termination "normal"]
[Board "9"]
[WhiteElo "1870"]
[BlackElo "1762"]
[WhiteClock "00:15:05"]
[BlackClock "00:37:34"]
[PlyCount "101"]
[WhiteFideId "12929735"]
[BlackFideId "12947156"]
[EventCountry "GER"]
[EventRounds "9"]
[EventType "swiss"]
[EventDate "2017.06.03"]

1. e4 {[%clk 1:30:56]} 1... c5 {[%clk 1:30:51]} 2. Nf3 {[%clk 1:31:19]} 2... d6
{[%clk 1:31:12]} 3. c3 {[%clk 1:30:24]} 3... Nf6 {[%clk 1:28:31]} 4. Bd3 {
[%clk 1:30:36]} 4... e6 {[%clk 1:27:27]} 5. O-O {[%clk 1:30:16]} 5... Be7 {
[%clk 1:27:22]} 6. Bc2 {[%clk 1:30:24]} 6... O-O {[%clk 1:24:05]} 7. d4 { [%clk
1:30:23]} 7... cxd4 {[%clk 1:22:38]} 8. cxd4 {[%clk 1:30:37]} 8... Nc6 { [%clk
1:21:36]} 9. Nc3 {[%clk 1:29:49]} 9... Qc7 {[%clk 1:17:50]} 10. Qe2 { [%clk
1:24:30]} 10... b6 {[%clk 1:10:01]} 11. e5 {[%clk 1:07:50]} 11... dxe5 { [%clk
1:02:02]} 12. dxe5 {[%clk 1:07:24]} 12... Nd7 {[%clk 1:00:13]} 13. Nb5 { [%clk
0:44:46]} 13... Qb8 {[%clk 0:54:32]} 14. Qe4 {[%clk 0:38:56]} 14... g6 { [%clk
0:47:06]} 15. Qxc6 {[%clk 0:37:47]} 15... Nc5 {[%clk 0:45:18]} 16. Qc7 { [%clk
0:35:36]} 16... Qxc7 {[%clk 0:43:55]} 17. Nxc7 {[%clk 0:35:59]} 17... Rb8
{[%clk 0:44:17]} 18. Nb5 {[%clk 0:27:27]} 18... Ba6 {[%clk 0:40:42]} 19. Nfd4 {
[%clk 0:26:20]} 19... Bxb5 {[%clk 0:34:32]} 20. Nxb5 {[%clk 0:26:36]} 20... a6
{[%clk 0:34:47]} 21. Na7 {[%clk 0:22:18]} 21... Rb7 {[%clk 0:32:50]} 22. Nc6 {
[%clk 0:22:39]} 22... Rc8 {[%clk 0:31:40]} 23. Nxe7+ {[%clk 0:21:49]} 23...
Rxe7 {[%clk 0:31:56]} 24. Bf4 {[%clk 0:15:55]} 24... Rec7 {[%clk 0:29:48]} 25.
Rfd1 {[%clk 0:15:57]} 25... Nb7 {[%clk 0:26:25]} 26. Be4 {[%clk 0:15:11]} 26...
Nc5 {[%clk 0:25:02]} 27. Bc2 {[%clk 0:14:34]} 27... Kg7 {[%clk 0:24:21]} 28.
Bb3 {[%clk 0:14:19]} 28... a5 {[%clk 0:23:16]} 29. Be3 {[%clk 0:12:59]} 29...
b5 {[%clk 0:21:42]} 30. Rdc1 {[%clk 0:05:02]} 30... Nd3 {[%clk 0:18:06]} 31.
Rxc7 {[%clk 0:05:16]} 31... Rxc7 {[%clk 0:18:29]} 32. Bb6 {[%clk 0:05:11]}
32... Rc6 {[%clk 0:18:33]} 33. Bxa5 {[%clk 0:04:09]} 33... Nxb2 {[%clk 0:18:45]
} 34. Bd2 {[%clk 0:04:02]} 34... Nd3 {[%clk 0:17:52]} 35. f4 {[%clk 0:04:10]}
35... f6 {[%clk 0:16:35]} 36. exf6+ {[%clk 0:04:05]} 36... Kxf6 {[%clk 0:16:53]
} 37. g3 {[%clk 0:03:38]} 37... e5 {[%clk 0:16:30]} 38. fxe5+ {[%clk 0:03:31]}
38... Nxe5 {[%clk 0:16:39]} 39. Rf1+ {[%clk 0:03:17]} 39... Kg7 {[%clk 0:16:27]
} 40. Bb4 {[%clk 0:01:56]} 40... h5 {[%clk 0:15:26]} 41. Bf8+ {[%clk 0:26:16]}
41... Kh7 {[%clk 0:45:15]} 42. Be7 {[%clk 0:24:21]} 42... Kh6 {[%clk 0:42:48]}
43. Kg2 {[%clk 0:22:57]} 43... Ng4 {[%clk 0:40:05]} 44. Re1 {[%clk 0:20:10]}
44... Rc3 {[%clk 0:38:58]} 45. Bf8+ {[%clk 0:19:32]} 45... Kg5 {[%clk 0:38:48]}
46. h4+ {[%clk 0:19:47]} 46... Kf5 {[%clk 0:38:38]} 47. Rf1+ {[%clk 0:16:37]}
47... Ke4 {[%clk 0:38:50]} 48. Rf4+ {[%clk 0:16:48]} 48... Kd3 49. Rf3+ { [%clk
0:15:20]} 49... Ne3+ {[%clk 0:37:21]} 50. Kf2 {[%clk 0:15:17]} 50... Ke4 {[%clk
0:37:34]} 51. Ke2 {[%clk 0:15:05]} 1-0